Paroles - Au soleil - Jenifer - Statistiques

Statistiques générales
  • Ce quiz a été pris 361 fois
  • Le résultat moyen est 81 sur 109
Statistiques - réponses
Paroles % Correct
à
100%
Au
99%
soleil,
98%
soleil
98%
peu
96%
plus
96%
un
96%
Ce
95%
ce
95%
me
95%
le
92%
que
92%
est
88%
Et
88%
Quand
88%
l'on
86%
ne
86%
pas
85%
tu
85%
qui
84%
coeur
83%
corps
83%
Je
83%
je
83%
M'exposer
83%
n'y
83%
son
83%
en
82%
rend
82%
adore
80%
forte
80%
tue
80%
On
79%
toi,
79%
Toi
79%
toi
79%
sans
77%
aux
76%
bien
76%
bien,
76%
réchauffer
76%
Avec
75%
j'irai
75%
Même
75%
mains
72%
venir
71%
pourrait
70%
suis
70%
celui
65%
transporte
63%
Brûler
58%
te
55%
rien
54%
les
53%
diable
50%
l'emporte
49%
supporte
48%
tout
47%
vraiment
47%
reste
45%
tant
45%
Malgré
42%
42%
entends
39%
chemin
38%
porte
38%
notre
37%
histoire
36%
l'amour
36%
cela
33%
comporte
31%
seule
30%
risques
29%
reprends
25%
Aucun quiz correspondant
Distribution des résultats
% des personnes avec chaque résultat
Percentile par nombre de réponses
Votre historique - résultats
Vous n’avez pas pris ce quiz